[Event "SRI-chB"]
[Site "Colombo"]
[Date "2023.03.04"]
[Round "1"]
[White "Abiru, KA Aken"]
[Black "Ilampoornan, Raguparan"]
[Result "0-1"]
[WhiteElo "1347"]
[BlackElo "1830"]
[PlyCount "56"]
[EventDate "2023.03.04"]
[EventType "swiss"]
[EventRounds "11"]
[EventCountry "SRI"]
[SourceTitle "CBM 213 Extra"]
[Source "ChessBase"]
[SourceDate "2023.05.31"]
[SourceVersion "1"]
[SourceVersionDate "2023.05.31"]
[SourceQuality "1"]

1. e4 e6 2. d4 d5 3. e5 c5 4. c3 Nc6 5. Nf3 Bd7 6. Be2 Qb6 7. a3 f6 8. exf6 Nxf6 9. 0-0 cxd4 10. cxd4 Bd6 11. Nc3 0-0 12. b4 Rae8 13. h3 Bb8 14. Be3 Ne7 15. Bd3 Nf5 16. Bxf5 exf5 17. Ne5 Be6 18. Na4 Qd8 19. Nc5 b6 20. Ncd3 Ne4 21. f4 Bd7 22. a4 a6 23. Qb3 Be6 24. Rac1 Rf6 25. Nc6 Qd6 26. b5 axb5 27. axb5 g5 28. fxg5 Qh2# 0-1

[Event "SRI-chB"]
[Site "Mount Lavinia"]
[Date "2022.03.20"]
[Round "9"]
[White "Ilampoornan, Raguparan"]
[Black "Weerasekara, Dishal Nimsara"]
[Result "1-0"]
[WhiteElo "1989"]
[BlackElo "1542"]
[PlyCount "67"]
[EventDate "2022.03.16"]
[EventType "swiss"]
[EventRounds "10"]
[EventCountry "SRI"]
[SourceTitle "EXT 2023"]
[Source "ChessBase"]
[SourceDate "2022.10.05"]
[SourceVersion "1"]
[SourceVersionDate "2022.10.05"]
[SourceQuality "1"]

1. d4 Nf6 2. Bf4 d6 3. Nc3 Nbd7 4. Nf3 c6 5. e4 Qa5 6. Qd2 e5 7. Bg3 b5 8. Bd3 b4 9. Ne2 d5 10. Nxe5 Nxe5 11. Bxe5 Be7 12. Bxf6 Bxf6 13. e5 Be7 14. 0-0 0-0 15. a3 f5 16. axb4 Qb6 17. c3 Qd8 18. f4 a5 19. bxa5 c5 20. b4 c4 21. Bc2 Ra6 22. b5 Rxa5 23. Rfb1 Rxa1 24. Rxa1 Qb6 25. Qc1 Qxb5 26. Qb1 Qxb1+ 27. Rxb1 Be6 28. Rb6 Kf7 29. g4 g6 30. gxf5 gxf5 31. Ng3 Bd8 32. Ra6 Ke7 33. Ra7+ Ke8 34. Ba4+ 1-0

[Event "SRI-chB"]
[Site "Mount Lavinia"]
[Date "2022.03.17"]
[Round "3"]
[White "Ilampoornan, Raguparan"]
[Black "Yatawara, OLB"]
[Result "0-1"]
[WhiteElo "1989"]
[BlackElo "1544"]
[PlyCount "112"]
[EventDate "2022.03.16"]
[EventType "swiss"]
[EventRounds "10"]
[EventCountry "SRI"]
[SourceTitle "EXT 2023"]
[Source "ChessBase"]
[SourceDate "2022.10.05"]
[SourceVersion "1"]
[SourceVersionDate "2022.10.05"]
[SourceQuality "1"]

1. d4 Nf6 2. Nf3 g6 3. c4 Bg7 4. Nc3 d6 5. Bg5 Nbd7 6. Qc2 0-0 7. e3 e5 8. dxe5 dxe5 9. Be2 c6 10. 0-0 Qc7 11. Rac1 Nc5 12. Bxf6 Bxf6 13. b4 Ne6 14. Rfd1 Be7 15. c5 f5 16. Bc4 Kg7 17. Qb3 Ng5 18. Nxg5 Bxg5 19. Rc2 Bd7 20. Rcd2 Rad8 21. a4 Bc8 22. a5 Rxd2 23. Rxd2 Rd8 24. Qd1 Rxd2 25. Qxd2 Qd7 26. Qe2 e4 27. Qc2 Bf6 28. Ne2 Be5 29. g3 Qd8 30. Nf4 Bxf4 31. gxf4 Qh4 32. Qb2+ Qf6 33. Qxf6+ Kxf6 34. Kg2 Be6 35. a6 bxa6 36. Bxa6 Bb3 37. h4 Ke6 38. Kg3 Kd5 39. Be2 Bc2 40. h5 Bd3 41. hxg6 hxg6 42. Bd1 Kc4 43. Kh4 Kxb4 44. Kg5 Ba6 45. f3 exf3 46. Bxf3 Kxc5 47. e4 Bc8 48. e5 a5 49. Bd1 Kb4 50. Kxg6 a4 51. Bxa4 Kxa4 52. Kf6 c5 53. e6 c4 54. Kxf5 c3 55. Ke5 c2 56. e7 Bd7 0-1

[Event "SRI-ch"]
[Site "Nugegoda"]
[Date "2019.07.06"]
[Round "8"]
[White "Ilampoornan, Raguparan"]
[Black "Wijekoon, Chandana"]
[Result "1-0"]
[WhiteElo "1934"]
[BlackElo "1889"]
[PlyCount "105"]
[EventDate "2019.06.29"]
[EventType "tourn"]
[EventRounds "13"]
[EventCountry "SRI"]
[SourceTitle "EXT 2020"]
[Source "ChessBase"]
[SourceDate "2019.10.17"]
[SourceVersion "1"]
[SourceVersionDate "2019.10.17"]
[SourceQuality "1"]

1. d4 d5 2. c4 dxc4 3. e4 e5 4. Nf3 exd4 5. Bxc4 Bb4+ 6. Bd2 Bxd2+ 7. Nbxd2 Nc6 8. Nb3 Qe7 9. 0-0 Bg4 10. Bb5 Bd7 11. Bxc6 Bxc6 12. Nfxd4 Bd7 13. Rc1 c6 14. Nc5 Nf6 15. e5 Nd5 16. Nxb7 0-0 17. Nc5 Rfc8 18. Re1 Rab8 19. b3 Rb4 20. a3 Rbb8 21. Qf3 Be6 22. Ncxe6 fxe6 23. Rxc6 Qxa3 24. Rxc8+ Rxc8 25. Nxe6 Rc1 26. Qe2 Nc3 27. Qf1 Rxe1 28. Qxe1 Qxb3 29. Nd4 Qb1 30. Qxb1 Nxb1 31. Kf1 a5 32. Ke2 a4 33. Kd3 a3 34. Nb3 a2 35. f4 Kf7 36. Kc2 Na3+ 37. Kb2 Nc4+ 38. Kxa2 Ne3 39. g3 Nf1 40. Kb2 Nxh2 41. Nd2 Ke6 42. Kc3 h5 43. Kd4 g5 44. Ke4 gxf4 45. gxf4 Ng4 46. f5+ Ke7 47. Nf3 Nf2+ 48. Kf4 Nd1 49. f6+ Kf7 50. Ng5+ Kg6 51. f7 Kg7 52. e6 Nc3 53. Nh7 1-0

[Event "SRI-ch"]
[Site "Nugegoda"]
[Date "2019.06.30"]
[Round "4"]
[White "Ilampoornan, Raguparan"]
[Black "Jayasinghe, Keeth MS"]
[Result "1/2-1/2"]
[WhiteElo "1934"]
[BlackElo "1811"]
[PlyCount "82"]
[EventDate "2019.06.29"]
[EventType "tourn"]
[EventRounds "13"]
[EventCountry "SRI"]
[SourceTitle "EXT 2020"]
[Source "ChessBase"]
[SourceDate "2019.10.17"]
[SourceVersion "1"]
[SourceVersionDate "2019.10.17"]
[SourceQuality "1"]

1. d4 Nf6 2. c4 e6 3. Nc3 Bb4 4. g3 c6 5. Bg2 d5 6. Nf3 Nbd7 7. cxd5 exd5 8. 0-0 0-0 9. Bf4 Re8 10. a3 Bxc3 11. bxc3 Ne4 12. Qc1 Nb6 13. Ne5 Nd6 14. Re1 Nbc4 15. e4 Nxe5 16. dxe5 Nxe4 17. c4 Nc5 18. Qc2 Ne6 19. cxd5 Nxf4 20. gxf4 cxd5 21. Rad1 Qh4 22. f5 Qg4 23. e6 fxe6 24. Rxd5 b6 25. h3 Qxg2+ 26. Kxg2 Bb7 27. fxe6 Bxd5+ 28. Kh2 Bxe6 29. Qc6 Rac8 30. Qd6 Rcd8 31. Qc6 Rc8 32. Qb7 Rc3 33. Re3 Rxe3 34. fxe3 Bc8 35. Qxa7 Rxe3 36. Qc7 Rxh3+ 37. Kg2 Rh6 38. Qxc8+ Kf7 39. Qc7+ Kf8 40. Qd8+ Kf7 41. Qd7+ Kf8 1/2-1/2

[Event "SRI-ch"]
[Site "Nugegoda"]
[Date "2019.06.30"]
[Round "3"]
[White "Ilampoornan, Raguparan"]
[Black "Randil, Lakshita"]
[Result "0-1"]
[WhiteElo "1934"]
[BlackElo "1953"]
[PlyCount "46"]
[EventDate "2019.06.29"]
[EventType "tourn"]
[EventRounds "13"]
[EventCountry "SRI"]
[SourceTitle "EXT 2020"]
[Source "ChessBase"]
[SourceDate "2019.10.17"]
[SourceVersion "1"]
[SourceVersionDate "2019.10.17"]
[SourceQuality "1"]

1. d4 d5 2. c4 dxc4 3. Nf3 Nf6 4. e3 e6 5. Bxc4 c5 6. 0-0 a6 7. a4 Nc6 8. Nc3 Be7 9. Ne5 Qc7 10. Nxc6 Qxc6 11. Be2 0-0 12. Bf3 Qc7 13. Qb3 Rd8 14. Rd1 Rb8 15. Qc4 Bd7 16. a5 Bc6 17. Be2 cxd4 18. exd4 Rbc8 19. Be3 Nd5 20. Bf1 Bd6 21. h3 Bh2+ 22. Kh1 Nxe3 23. fxe3 Bxg2+ 0-1

[Event "World ol U16"]
[Site "Ahmedabad"]
[Date "2017.12.16"]
[Round "6.1"]
[White "Ilampoornan, Raguparan"]
[Black "Plakwongsirikul, Sakkaranant"]
[Result "1-0"]
[WhiteElo "1860"]
[BlackElo "1506"]
[PlyCount "71"]
[EventDate "2017.12.11"]
[EventType "team-swiss"]
[EventRounds "9"]
[EventCountry "IND"]
[SourceTitle "CBM 182 Extra"]
[Source "ChessBase"]
[SourceDate "2018.02.23"]
[SourceVersion "1"]
[SourceVersionDate "2018.02.23"]
[SourceQuality "1"]
[WhiteTeam "Sri Lanka"]
[BlackTeam "Thailand"]
[WhiteTeamCountry "SRI"]
[BlackTeamCountry "THA"]

1. d4 d5 2. c4 c6 3. cxd5 cxd5 4. Nc3 Nf6 5. Bf4 Qb6 6. e3 Qxb2 7. Nge2 Bf5 8. g4 Bxg4 9. Rc1 Nc6 10. Rc2 Qb4 11. Bg2 e6 12. 0-0 Bd6 13. a3 Bxe2 14. Qxe2 Qb6 15. Bxd6 Nxd4 16. exd4 Qxd6 17. Nb5 Qb6 18. Nc7+ Kd7 19. Nxa8 Rxa8 20. Rb2 Qc6 21. Qb5 Qxb5 22. Rxb5 b6 23. Rc1 Ne8 24. Rb3 Rb8 25. Bf1 Nd6 26. Rbc3 a5 27. Rc7+ Kd8 28. a4 Ke8 29. R1c6 Nf5 30. Bb5 Kf8 31. Rc8+ Rxc8 32. Rxc8+ Ke7 33. Rc6 Nxd4 34. Rxb6 Nf3+ 35. Kg2 Ne5 36. Ra6 1-0